| 000 | 00680nam a2200253Ia 4500 | ||
|---|---|---|---|
| 001 | Para_2268 | ||
| 003 | CHAP | ||
| 008 | 220125s1992 xx 000 0 und d | ||
| 010 | _a200851 | ||
| 040 | _cCHAP | ||
| 082 | _aPA 635.642 B5 | ||
| 100 |
_aBlancard, D. _9165706 |
||
| 245 |
_aA colour Atlas of tomato diseases : _b observe identify control / _c by D. Blancard |
||
| 260 |
_aLondon : _b Wolfe Publishing |
||
| 300 | _a212 p. | ||
| 650 |
_aTomate _x enfermedades _9113711 |
||
| 901 | _aPA 635.642 B5 | ||
| 902 | _aA | ||
| 905 | _a0000001992 a 0000000000 00 | ||
| 910 | _a1992 | ||
| 942 | _cPARA | ||
| 942 |
_cPARA _d1 |
||
| 999 |
_c200851 _d200851 |
||